| 000 | 00874nac a22002651i 4500 | ||
|---|---|---|---|
| 003 | EG-ScBUE | ||
| 005 | 20260419120335.0 | ||
| 008 | 260419t1996 nyuab f b 001 0 eng d | ||
| 020 | _a0716729539 (soft cover) | ||
| 020 | _a9780716729532 | ||
| 040 |
_aEG-ScBUE _beng _erda _cEG-ScBUE _dEG-ScBUE |
||
| 082 | 0 | 4 |
_a550.1 _bPET _222 |
| 100 | 1 |
_aPeters, E. K., _eauthor. |
|
| 245 | 1 | 0 |
_aNo stone unturned : _breasoning about rocks and fossils / _cE. K. Peters. |
| 264 | 1 |
_aNew York : _bW.H. Freeman and Co., _c[1996] |
|
| 264 | 4 | _cc1996 | |
| 300 |
_ax, 237 pages : _billustrations, maps ; _c24 cm |
||
| 336 |
_2rdacontent _atext _btxt |
||
| 337 |
_aunmediated _2rdamedia _bn |
||
| 338 |
_avolume _bnc _2rdacarrier |
||
| 504 | _aIncludes bibliographical references and index. | ||
| 650 | 7 |
_aGeology _xPhilosophy. _2BUEsh |
|
| 655 | _vReading book | ||
| 942 |
_cBB _2ddc |
||
| 999 |
_c9660 _d9660 |
||